000 00366nam a2200145Ia 4500
008 230917s9999||||xx |||||||||||||| ||und||
040 _e205822
_aMAIN
041 _aEnglish
082 _a658.3 S64M
100 _aSingh, Pritam
245 0 _aMillennials and the work place
260 _aNew Delhi
_bSage Publications
_c2012
300 _axxix, 233 p.
942 _cBK
999 _c172042
_d172042